000 00349nam a2200133Ia 4500
005 20260326100032.0
008 260326s9999||||xx |||||||||||||| ||und||
100 _aGorlin, Alexander
245 0 _aCreating the new American Town House /
_cAlexander Gorlin
260 _bRizzoli
300 _a240 p.
650 _aARQUITECTURA RESIDENCIAL
942 _cBK
999 _c6645
_d6645